[Event "Oberliga Wuerttemberg 1112"]
[Site "Wuerttemberg"]
[Date "2011.10.23"]
[Round "2.7"]
[White "Schaefer, Alexander1111"]
[Black "Mehrer, Michael"]
[Result "1/2-1/2"]
[WhiteElo "2114"]
[BlackElo "2129"]
[PlyCount "50"]
[EventDate "2011.10.09"]
[EventType "team-tourn"]
[EventRounds "9"]
[EventCountry "GER"]
[SourceTitle "EXT 2019"]
[Source "ChessBase"]
[SourceDate "2018.10.10"]
[SourceVersion "1"]
[SourceVersionDate "2018.10.10"]
[SourceQuality "1"]
[WhiteTeam "Deizisau"]
[BlackTeam "Ebersbach"]
[WhiteTeamCountry "GER"]
[BlackTeamCountry "GER"]

1. e4 e6 2. d3 c5 3. Nd2 Nc6 4. Ngf3 g6 5. g3 Bg7 6. Bg2 Nge7 7. 0-0 0-0 8. Re1 d6 9. Nf1 b5 10. Ne3 Rb8 11. Ng4 e5 12. h3 Nd4 13. Nfh2 f5 14. Nh6+ Kh8 15. c3 Ne6 16. exf5 Nxf5 17. Nxf5 Rxf5 18. Ng4 Qf8 19. Be4 Ng5 20. Bxg5 Rxg5 21. Qd2 Rh5 22. Kg2 Bb7 23. Ne3 Bh6 24. Qe2 Bxe3 25. Qxe3 Rf5 1/2-1/2

[Event "Oberliga Wuerttemberg 1011"]
[Site "Wuerttemberg"]
[Date "2011.03.27"]
[Round "8"]
[White "Mehrer, Michael"]
[Black "Oettinger, Hagen"]
[Result "1/2-1/2"]
[WhiteElo "2132"]
[BlackElo "2109"]
[PlyCount "63"]
[EventDate "2010.09.26"]
[EventType "team-tourn"]
[EventRounds "9"]
[EventCountry "GER"]
[SourceTitle "EXT 2019"]
[Source "ChessBase"]
[SourceDate "2018.10.10"]
[SourceVersion "1"]
[SourceVersionDate "2018.10.10"]
[SourceQuality "1"]
[WhiteTeam "Ebersbach"]
[BlackTeam "Boeblingen II"]
[WhiteTeamCountry "GER"]
[BlackTeamCountry "GER"]

1. e4 Nf6 2. e5 Nd5 3. d4 d6 4. c4 Nb6 5. exd6 exd6 6. Bd3 Nc6 7. Ne2 Nb4 8. 0-0 Be7 9. Nbc3 0-0 10. Bb1 Bg4 11. a3 Bxe2 12. Nxe2 Nc6 13. Qc2 g6 14. Bh6 Re8 15. Rd1 d5 16. c5 Nc8 17. Ba2 Bg5 18. Bxg5 Qxg5 19. Qd2 Qxd2 20. Rxd2 N8e7 21. Nc3 Rad8 22. Re1 Nf5 23. Rxe8+ Rxe8 24. Kf1 Nfxd4 25. Nxd5 Re5 26. f4 Re6 27. Nxc7 Re4 28. Nd5 Kg7 29. Kf2 Ne6 30. g3 Nxc5 31. Nc3 Re7 32. b4 1/2-1/2

[Event "Oberliga Wuerttemberg 1011"]
[Site "Wuerttemberg"]
[Date "2010.11.21"]
[Round "3"]
[White "Mehrer, Michael"]
[Black "Koppenhoefer, Bernhard"]
[Result "1-0"]
[WhiteElo "2132"]
[BlackElo "2127"]
[PlyCount "43"]
[EventDate "2010.09.26"]
[EventType "team-tourn"]
[EventRounds "9"]
[EventCountry "GER"]
[SourceTitle "EXT 2019"]
[Source "ChessBase"]
[SourceDate "2018.10.10"]
[SourceVersion "1"]
[SourceVersionDate "2018.10.10"]
[SourceQuality "1"]
[WhiteTeam "Ebersbach"]
[BlackTeam "Tuebingen"]
[WhiteTeamCountry "GER"]
[BlackTeamCountry "GER"]

1. e4 c5 2. Nc3 Nc6 3. g3 g6 4. Bg2 Bg7 5. d3 d6 6. Be3 Nd4 7. f4 Nf6 8. h3 h5 9. Nce2 e5 10. c3 exf4 11. gxf4 Nxe2 12. Nxe2 Be6 13. Qa4+ Qd7 14. Qxd7+ Kxd7 15. a4 Rhe8 16. c4 Kc7 17. Rb1 Bd7 18. Nc3 a6 19. 0-0 Rab8 20. e5 dxe5 21. fxe5 Ng8 22. Nd5+ 1-0

[Event "Oberliga Wuerttemberg 0910"]
[Site "Wuerttemberg"]
[Date "2010.01.10"]
[Round "5.8"]
[White "Funke, Detlev"]
[Black "Mehrer, Michael"]
[Result "1-0"]
[WhiteElo "2102"]
[BlackElo "1982"]
[PlyCount "73"]
[EventDate "2009.10.11"]
[EventType "team-tourn"]
[EventRounds "9"]
[EventCountry "GER"]
[SourceTitle "EXT 2019"]
[Source "ChessBase"]
[SourceDate "2018.10.10"]
[SourceVersion "1"]
[SourceVersionDate "2018.10.10"]
[SourceQuality "1"]
[WhiteTeam "Tuebingen"]
[BlackTeam "Ebersbach"]
[WhiteTeamCountry "GER"]
[BlackTeamCountry "GER"]

1. c4 Nf6 2. Nc3 c5 3. g3 d5 4. cxd5 Nxd5 5. Bg2 Nc7 6. Nf3 Nc6 7. 0-0 e5 8. d3 Be7 9. Nd2 0-0 10. Nc4 Be6 11. Bxc6 bxc6 12. Nxe5 Qe8 13. f4 f6 14. Nf3 Nd5 15. e4 Nb6 16. Be3 Rd8 17. Ne1 c4 18. f5 Bf7 19. d4 Bb4 20. Qc2 Qe7 21. Nf3 Bxc3 22. bxc3 Rfe8 23. Nd2 Qa3 24. Rae1 Qa5 25. g4 Na4 26. Nf3 Rb8 27. Bc1 h6 28. e5 fxe5 29. dxe5 Bd5 30. f6 Rf8 31. Qg6 Rf7 32. Bxh6 Bxf3 33. e6 Qc5+ 34. Re3 Rbf8 35. Rfxf3 Nxc3 36. exf7+ Rxf7 37. Kg2 1-0

[Event "Oberliga Wuerttemberg 0910"]
[Site "Wuerttemberg"]
[Date "2009.11.15"]
[Round "3.8"]
[White "Schmid, Hartmut"]
[Black "Mehrer, Michael"]
[Result "1/2-1/2"]
[WhiteElo "2096"]
[BlackElo "1982"]
[PlyCount "101"]
[EventDate "2009.10.11"]
[EventType "team-tourn"]
[EventRounds "9"]
[EventCountry "GER"]
[SourceTitle "EXT 2019"]
[Source "ChessBase"]
[SourceDate "2018.10.10"]
[SourceVersion "1"]
[SourceVersionDate "2018.10.10"]
[SourceQuality "1"]
[WhiteTeam "Stuttgart SF II"]
[BlackTeam "Ebersbach"]
[WhiteTeamCountry "GER"]
[BlackTeamCountry "GER"]

1. c4 c5 2. Nc3 Nf6 3. g3 d5 4. cxd5 Nxd5 5. Bg2 Nc7 6. d3 e5 7. f4 exf4 8. Bxf4 Ne6 9. Bd2 Nc6 10. Nf3 Be7 11. 0-0 0-0 12. Kh1 Rb8 13. Ne1 Bd7 14. Nd5 Bd6 15. Bc3 b5 16. e3 b4 17. Bf6 Be7 18. Nxe7+ Nxe7 19. Be5 Rb6 20. b3 Ng6 21. Bb2 Bc6 22. e4 Nd4 23. Rc1 Qd6 24. Nc2 Ra6 25. Nxd4 cxd4 26. Rc4 Rxa2 27. Qb1 Ra5 28. Rxd4 Qe7 29. Qc1 Bb7 30. Qd2 Rb5 31. Rc4 a5 32. Qc2 Rd8 33. d4 h5 34. Rc7 Rd7 35. Rxd7 Qxd7 36. Qc4 Rb6 37. d5 f6 38. Qd4 Qd6 39. Qe3 Bc8 40. Bd4 Rb8 41. Bxf6 gxf6 42. Qh6 Nf8 43. Rxf6 Qe7 44. Qf4 Rb5 45. e5 Bb7 46. Qg5+ Qg7 47. Rxf8+ Kxf8 48. Qd8+ Kf7 49. Qd7+ Kf8 50. Qd8+ Kf7 51. Qd7+ 1/2-1/2

[Event "Oberliga Wuerttemberg 0910"]
[Site "Wuerttemberg"]
[Date "2009.10.25"]
[Round "2.7"]
[White "Reichert, Matthias"]
[Black "Mehrer, Michael"]
[Result "1/2-1/2"]
[WhiteElo "1898"]
[BlackElo "1982"]
[PlyCount "49"]
[EventDate "2009.10.11"]
[EventType "team-tourn"]
[EventRounds "9"]
[EventCountry "GER"]
[SourceTitle "EXT 2019"]
[Source "ChessBase"]
[SourceDate "2018.10.10"]
[SourceVersion "1"]
[SourceVersionDate "2018.10.10"]
[SourceQuality "1"]
[WhiteTeam "Schwaebisch Gmuend"]
[BlackTeam "Ebersbach"]
[WhiteTeamCountry "GER"]
[BlackTeamCountry "GER"]

1. e4 e6 2. d4 d5 3. Nc3 Bb4 4. e5 c5 5. a3 Bxc3+ 6. bxc3 Ne7 7. Nf3 Nbc6 8. Be2 0-0 9. 0-0 Qc7 10. Re1 Bd7 11. a4 f5 12. exf6 Rxf6 13. Bg5 Rf7 14. dxc5 Raf8 15. c4 h6 16. cxd5 Nxd5 17. Bh4 Nc3 18. Qd6 Nxe2+ 19. Rxe2 Qa5 20. Ne5 Nxe5 21. Qxe5 Bc6 22. c4 Qb4 23. Bg3 Qxc4 24. Qxe6 Qxc5 25. Qe3 1/2-1/2

[Event "Oberliga Wuerttemberg 0708"]
[Site "Wuerttemberg"]
[Date "2007.11.04"]
[Round "3.6"]
[White "Hottes, Dieter"]
[Black "Mehrer, Michael"]
[Result "1-0"]
[WhiteElo "2208"]
[BlackElo "2193"]
[PlyCount "105"]
[EventDate "2007.10.07"]
[EventType "team-tourn"]
[EventRounds "9"]
[EventCountry "GER"]
[SourceTitle "EXT 2018"]
[Source "ChessBase"]
[SourceDate "2017.10.13"]
[SourceVersion "1"]
[SourceVersionDate "2017.10.13"]
[SourceQuality "1"]
[WhiteTeam "Stuttgart SF II"]
[BlackTeam "Ebersbach"]
[WhiteTeamCountry "GER"]
[BlackTeamCountry "GER"]

1. Nf3 Nf6 2. c4 c5 3. Nc3 d5 4. cxd5 Nxd5 5. e3 Nc6 6. a3 e5 7. Qc2 Be6 8. Ne4 Be7 9. Nxc5 0-0 10. Nxe6 fxe6 11. Bd3 h6 12. b4 Rc8 13. Qb3 Bf6 14. Be4 Qd6 15. Bb2 Rcd8 16. 0-0 Nce7 17. Rac1 Kh8 18. Rfd1 Nf5 19. Bb1 Nde7 20. Be4 Nd5 21. Rc5 Nh4 22. Nxh4 Bxh4 23. g3 Bg5 24. Bc2 b6 25. Rc4 e4 26. Bxe4 Rf7 27. Bb1 Kg8 28. Qd3 Kf8 29. e4 Nc7 30. Qxd6+ Rxd6 31. f4 Bd8 32. Be5 Rdd7 33. Bc2 Ne8 34. Ba4 Rd3 35. Bc3 Rc7 36. Bb5 Rxc4 37. Bxc4 Rd6 38. Be5 Rc6 39. d3 Bf6 40. Bxf6 Nxf6 41. e5 Ng4 42. Re1 h5 43. Re2 Ke7 44. a4 Nh6 45. a5 Nf5 46. axb6 axb6 47. Ra2 b5 48. Bxb5 Rb6 49. Bc4 Rxb4 50. Ra7+ Kf8 51. Bxe6 Nd4 52. Bc4 Rb2 53. Ra2 1-0

[Event "Staufer op 10th"]
[Site "Schwaebisch Gmuend"]
[Date "1998.??.??"]
[Round "5"]
[White "Beutelhoff, Josef"]
[Black "Mehrer, Michael"]
[Result "1/2-1/2"]
[WhiteElo "2140"]
[BlackElo "2250"]
[PlyCount "40"]
[EventDate "1998.01.??"]
[EventType "swiss"]
[EventRounds "9"]
[EventCountry "GER"]
[SourceTitle "CBM 062 Extra"]
[Source "ChessBase"]
[SourceDate "1998.03.09"]
[SourceVersion "1"]
[SourceVersionDate "1998.03.09"]
[SourceQuality "1"]

1. d4 Nf6 2. c4 c5 3. Nf3 e6 4. Nc3 cxd4 5. Nxd4 Nc6 6. e4 Bb4 7. Nxc6 dxc6 8. Qxd8+ Kxd8 9. f3 Bxc3+ 10. bxc3 e5 11. Be3 Kc7 12. c5 Be6 13. Be2 b6 14. Kf2 Nd7 15. cxb6+ axb6 16. c4 Ra4 17. Rhc1 Rha8 18. Rc2 R8a5 19. Bd2 Ra8 20. Be3 R8a5 1/2-1/2

[Event "Staufer op 10th"]
[Site "Schwaebisch Gmuend"]
[Date "1998.??.??"]
[Round "4"]
[White "Mehrer, Michael"]
[Black "Bagaturov, Giorgi"]
[Result "0-1"]
[WhiteElo "2250"]
[BlackElo "2535"]
[PlyCount "74"]
[EventDate "1998.01.??"]
[EventType "swiss"]
[EventRounds "9"]
[EventCountry "GER"]
[SourceTitle "CBM 062 Extra"]
[Source "ChessBase"]
[SourceDate "1998.03.09"]
[SourceVersion "1"]
[SourceVersionDate "1998.03.09"]
[SourceQuality "1"]

1. e4 c5 2. Nc3 Nc6 3. g3 g6 4. Bg2 Bg7 5. d3 d6 6. Be3 e5 7. Qd2 Nge7 8. Nf3 Nd4 9. Nh4 0-0 10. 0-0 Be6 11. Nd1 Qd7 12. c3 Ndc6 13. Bh6 d5 14. Bxg7 Kxg7 15. Qe2 Rad8 16. Nf3 f6 17. b3 d4 18. c4 a6 19. h4 Nc8 20. Nh2 Nd6 21. f4 Rde8 22. Nf2 f5 23. Qd2 b5 24. a3 bxc4 25. bxc4 exf4 26. gxf4 fxe4 27. Nxe4 Nxe4 28. Bxe4 Bf5 29. Rae1 Bxe4 30. dxe4 Qh3 31. Qg2 Qxh4 32. e5 Nd8 33. Ng4 Rxf4 34. Rxf4 Qxe1+ 35. Rf1 Qh4 36. Qf3 h5 37. Nh2 Qg5+ 0-1

[Event "Staufer op 10th"]
[Site "Schwaebisch Gmuend"]
[Date "1998.??.??"]
[Round "7"]
[White "Tscharotschkin, Michael"]
[Black "Mehrer, Michael"]
[Result "1-0"]
[WhiteElo "2175"]
[BlackElo "2250"]
[PlyCount "55"]
[EventDate "1998.01.??"]
[EventType "swiss"]
[EventRounds "9"]
[EventCountry "GER"]
[SourceTitle "CBM 062 Extra"]
[Source "ChessBase"]
[SourceDate "1998.03.09"]
[SourceVersion "1"]
[SourceVersionDate "1998.03.09"]
[SourceQuality "1"]

1. e4 e6 2. d4 d5 3. e5 c5 4. c3 Qb6 5. Nf3 Bd7 6. Be2 Bb5 7. c4 Bxc4 8. Bxc4 Qb4+ 9. Nbd2 dxc4 10. a3 Qb5 11. 0-0 Nc6 12. dxc5 0-0-0 13. Qe2 Nd4 14. Nxd4 Rxd4 15. b4 Rd3 16. Bb2 Ne7 17. Rac1 Nd5 18. Nxc4 Nf4 19. Qe4 g5 20. g3 Rg8 21. gxf4 gxf4+ 22. Kh1 Rb3 23. f3 Qe8 24. Qc2 a6 25. Nd6+ Bxd6 26. cxd6+ Kb8 27. Bd4 Rc3 28. Qxc3 1-0

[Event "Sitges op"]
[Site "Sitges"]
[Date "1996.??.??"]
[Round "1"]
[White "Mehrer, Michael"]
[Black "Kovacevic, Slobodan"]
[Result "0-1"]
[WhiteElo "2110"]
[BlackElo "2455"]
[PlyCount "142"]
[EventDate "1996.??.??"]
[EventType "swiss"]
[EventRounds "9"]
[EventCountry "ESP"]
[SourceTitle "EXT 1999"]
[Source "ChessBase"]
[SourceDate "1998.11.16"]
[SourceVersion "1"]
[SourceVersionDate "1998.11.16"]
[SourceQuality "1"]

1. e4 c5 2. Nc3 Nc6 3. g3 g6 4. Bg2 Bg7 5. d3 d6 6. f4 e6 7. Nf3 Nge7 8. 0-0 0-0 9. Be3 Nd4 10. Qd2 Rb8 11. Nd1 b6 12. Nh4 f5 13. Rb1 Ba6 14. Nf2 Qd7 15. Bxd4 cxd4 16. Rfe1 Rbc8 17. exf5 exf5 18. Nh3 Bf6 19. Ng5 Bb5 20. Qb4 Bc6 21. Ne6 Rfe8 22. Nxd4 Bxg2 23. Kxg2 Qb7+ 24. Kh3 Qd5 25. Nhf3 Nc6 26. Qb3 Qxb3 27. Nxb3 Rxe1 28. Rxe1 Bxb2 29. c4 Bf6 30. Re6 Be7 31. Nfd4 Kf7 32. Re2 Nb4 33. Rd2 a6 34. a3 Nc6 35. Nxc6 Rxc6 36. Nd4 Rc5 37. Nb3 Rc8 38. Rb2 Bf6 39. Rb1 Re8 40. Nd2 Bd8 41. Rb3 h6 42. Nf3 Re3 43. Nd4 Bf6 44. Nc2 Re2 45. Nb4 g5 46. fxg5 hxg5 47. g4 f4 48. Nc6 Rb2 49. Rxb2 Bxb2 50. a4 Ke6 51. Kg2 a5 52. Na7 d5 53. Nb5 dxc4 54. dxc4 Kd7 55. Kf3 Kc6 56. Na7+ Kc5 57. Nc8 Bf6 58. h4 gxh4 59. Kxf4 Bd8 60. Na7 Bg5+ 61. Kf3 Kxc4 62. Kg2 Kb4 63. Nc8 Kc5 64. Na7 Bf6 65. Kf3 Kb4 66. Nc8 Kc5 67. Na7 Bg5 68. Kg2 Kb4 69. Nc8 b5 70. axb5 Kxb5 71. Na7+ Kc5 0-1

[Event "Barcelona La Lira op"]
[Site "Barcelona"]
[Date "1996.??.??"]
[Round "2"]
[White "Mehrer, Michael"]
[Black "Romero Perera, Eugeni"]
[Result "1/2-1/2"]
[WhiteElo "2055"]
[BlackElo "2165"]
[PlyCount "83"]
[EventDate "1996.??.??"]
[EventType "swiss"]
[EventRounds "8"]
[EventCountry "ESP"]
[SourceTitle "EXT 2003"]
[Source "ChessBase"]
[SourceDate "2002.11.25"]
[SourceVersion "1"]
[SourceVersionDate "2002.11.25"]
[SourceQuality "1"]

1. e4 c5 2. Nf3 d6 3. d4 cxd4 4. Nxd4 Nf6 5. Nc3 a6 6. Be2 e5 7. Nb3 Be6 8. 0-0 Qc7 9. Bg5 Nbd7 10. a4 Rc8 11. Rc1 Be7 12. Kh1 0-0 13. f3 Rfd8 14. Qd2 Nb6 15. Bxf6 Bxf6 16. Nd5 Bxd5 17. exd5 Nxa4 18. Qb4 Nc5 19. Na5 Qe7 20. c3 Bg5 21. Rc2 Rc7 22. Qb6 Rcd7 23. Ra1 e4 24. b4 Nd3 25. Qd4 Qf6 26. Qxf6 Bxf6 27. fxe4 Nf2+ 28. Kg1 Nxe4 29. Ra3 Rc7 30. c4 Re8 31. Rd3 Be5 32. Nb3 g6 33. c5 Rec8 34. Bf3 Nf6 35. c6 bxc6 36. dxc6 Kg7 37. Ra2 Rb8 38. Ra4 d5 39. Bxd5 Nxd5 40. Rxd5 Bc3 41. Rxa6 Rxb4 42. Nd2 1/2-1/2

[Event "Barcelona La Lira op"]
[Site "Barcelona"]
[Date "1996.??.??"]
[Round "7"]
[White "Mehrer, Michael"]
[Black "Villares Galiano, Jose Maria"]
[Result "0-1"]
[WhiteElo "2055"]
[BlackElo "2105"]
[PlyCount "56"]
[EventDate "1996.??.??"]
[EventType "swiss"]
[EventRounds "8"]
[EventCountry "ESP"]
[SourceTitle "EXT 2003"]
[Source "ChessBase"]
[SourceDate "2002.11.25"]
[SourceVersion "1"]
[SourceVersionDate "2002.11.25"]
[SourceQuality "1"]

1. e4 e5 2. f4 exf4 3. Nf3 Be7 4. Bc4 Bh4+ 5. g3 fxg3 6. 0-0 gxh2+ 7. Kh1 Nh6 8. d4 0-0 9. Bxh6 gxh6 10. Ne5 d5 11. Bxd5 Be6 12. Bxb7 Nd7 13. Nc6 Qg5 14. Bxa8 Rxa8 15. Qf3 Bc4 16. Rd1 Kh8 17. Na3 Be6 18. d5 Bg4 19. Qc3+ f6 20. Rf1 Rg8 21. Kxh2 Be2 22. Qh3 Bg3+ 23. Kh1 Qe3 24. Qf5 Rg5 25. Nc4 Bxc4 26. Qf3 Qd2 27. Qg2 Rh5+ 28. Kg1 Qe3+ 0-1

[Event "Barcelona La Lira op"]
[Site "Barcelona"]
[Date "1996.??.??"]
[Round "5"]
[White "Mehrer, Michael"]
[Black "Vives Cabau, Jordi"]
[Result "1/2-1/2"]
[WhiteElo "2055"]
[BlackElo "2165"]
[PlyCount "92"]
[EventDate "1996.??.??"]
[EventType "swiss"]
[EventRounds "8"]
[EventCountry "ESP"]
[SourceTitle "EXT 2003"]
[Source "ChessBase"]
[SourceDate "2002.11.25"]
[SourceVersion "1"]
[SourceVersionDate "2002.11.25"]
[SourceQuality "1"]

1. e4 e5 2. f4 Qh4+ 3. g3 Qe7 4. Nc3 exf4 5. d4 fxg3 6. hxg3 Nf6 7. Bg5 d6 8. Qd3 c6 9. 0-0-0 Qc7 10. e5 dxe5 11. Bxf6 gxf6 12. Rxh7 Rxh7 13. Qxh7 Be6 14. Bh3 Bxh3 15. Nxh3 Nd7 16. dxe5 Qxe5 17. Nf4 0-0-0 18. Qxf7 Bh6 19. Qc4 Re8 20. Kb1 Nb6 21. Qf7 Rf8 22. Qe6+ Qxe6 23. Nxe6 Re8 24. Nd4 Nc4 25. Nf5 Bg5 26. b3 Nd2+ 27. Kb2 Kc7 28. Rh1 Rd8 29. Ng7 Rg8 30. Ne6+ Kc8 31. Rh7 Be3 32. Rc7+ Kb8 33. Rf7 Bg5 34. Nc5 b6 35. Nd7+ Ka8 36. Nxf6 Bxf6 37. Rxf6 Rxg3 38. Rxc6 Kb7 39. Rd6 Rxc3 40. Rxd2 Rc7 41. c4 Rh7 42. Kc3 a5 43. Kb2 Kc6 44. Rg2 Rh6 45. Rg5 Rh2+ 46. Ka3 Rf2 1/2-1/2